Catálogo público

New method in sand fly studies (Díptera : (Record no. 201748)

MARC details
000 -CABECERA
campo de control de longitud fija 00874nam a2200289Ia 4500
001 - NÚMERO DE CONTROL
campo de control Para_3318
003 - IDENTIFICADOR DEL NÚMERO DE CONTROL
campo de control CHAP
008 - DATOS DE LONGITUD FIJA--INFORMACIÓN GENERAL
campo de control de longitud fija 220125s1933 xx 000 0 und d
010 ## - NÚMERO DE CONTROL DE LA BIBLIOTECA DEL CONGRESO
Número de control de LC 201748
040 ## - FUENTE DE LA CATALOGACIÓN
Centro/agencia transcriptor CHAP
082 ## - NÚMERO DE LA CLASIFICACIÓN DECIMAL DEWEY
Número de clasificación PA-C 595.77 D5
100 ## - ENTRADA PRINCIPAL--NOMBRE DE PERSONA
Nombre de persona Hall, D. G.
9 (RLIN) 52305
245 ## - MENCIÓN DE TÍTULO
Título New method in sand fly studies (Díptera :
Resto del título Chironomidae) /
Mención de responsabilidad, etc. by D. G. Hall, J. B. Hull and W. E. Dove
300 ## - DESCRIPCIÓN FÍSICA
Extensión 4 p.
440 ## - MENCIÓN DE SERIE/PUNTO DE ACCESO ADICIONAL--TÍTULO
Título Diptera; 7
9 (RLIN) 164827
500 ## - NOTA GENERAL
Nota general Sobretiro de: Entomological News 44 (2): 29-32, 1933. Encuadernado con otros impresos similares
650 ## - PUNTO DE ACCESO ADICIONAL DE MATERIA--TÉRMINO DE MATERIA
Término de materia o nombre geográfico como elemento de entrada Dípteros Chiromyidae
9 (RLIN) 166667
700 ## - PUNTO DE ACCESO ADICIONAL--NOMBRE DE PERSONA
Nombre de persona Dove. W. E.
9 (RLIN) 34096
700 ## - PUNTO DE ACCESO ADICIONAL--NOMBRE DE PERSONA
Nombre de persona Hull, J. B.
9 (RLIN) 56847
901 ## - ELEMENTOS DE DATOS A LOCAL LDA (RLIN)
a PA-C 595.77 D5
902 ## - ELEMENTOS DE DATOS B LOCAL, LDB (RLIN)
a A
905 ## - ELEMENTOS DE DATOS E LOCAL, LDE (RLIN)
a 0000001933 0000000000 00
910 ## - DATOS DE OPCIÓN DEL USUARIO (OCLC)
Datos de opción del usuario 1933
942 ## - ELEMENTOS DE PUNTO DE ACCESO ADICIONAL (KOHA)
Tipo de ítem Koha Parasitologia_
942 ## - ELEMENTOS DE PUNTO DE ACCESO ADICIONAL (KOHA)
Tipo de ítem Koha Parasitologia_
-- 1
Holdings
Estado de retiro Estado de pérdida Fuente del sistema de clasificación o colocación Estado dañado Restricciones de uso No para préstamo Código de colección Localización permanente Ubicación/localización actual Ubicación en estantería Fecha de adquisición Información codificada de la localización en otra ubicación Enumeración/cronología de publicación seriada Total de préstamos Código de barras Fecha visto por última vez Precio válido a partir de Tipo de ítem Koha Nota pública
    Dewey Decimal Classification   Préstamo interno   Consulta Parasitologia Agricola Parasitologia Agricola   27/10/2005 PARA Volumen: 7   PA_871-26 25/01/2022 25/01/2022 Libro 3